000
00335nam a2200145Ia 4500
008
230718s9999 xx 000 0 und d
041
_a
Eng.
082
_a
43.087
_b
DAW-Q
100
_a
Dawson, Peter H.
245
0
_a
Quadrupell Masss
260
_a
Pakistan
_b
Americans insitue
_c
1976
300
_a
348
650
_a
Law
999
_c
26658
_d
26658